000 01000nam a2200265Ia 4500
003 OSt
005 20221005110443.0
006 a|||||r|||| 00| 0
007 ta
008 221004b |||||||| |||| 00| 0 hin d
020 _a8179170950 (hbk)
_c350
024 _a97638
037 _b415, 23/03/2009, Swaraj Prakashan
_cTextual
040 _aCRL
_cCRL
_bhin
041 _2hin
_ahin
082 _aS:40aP, 152P7
100 _aव्यवगोत्स्की, एल. एस.
_9163842
245 0 _aविचार और भाषा
246 _aVichār aur bhāṣhā
260 _aनई दिल्ली
_bग्रंथ शिल्पी भारत
_c2007
300 _a192पृ0
_ccm.
700 _a प्रमोद कुमार, अनु.
942 _hS:40aP, 152P7
_cTEXL
_2cc
999 _c1018866
_d1018866